| 000 | 01001nam a2200277 a 4500 | ||
|---|---|---|---|
| 001 | 000042024 | ||
| 005 | 20240301180540.0 | ||
| 008 | 131107s1984 sp ac b 000 0 spa d | ||
| 020 | _a8434581523 | ||
| 040 |
_aDO-SdBNP _bspa _cBNPHU |
||
| 082 |
_a335.4 _bM392zb |
||
| 100 | 1 |
_aBlumenberg, Werner _968975 |
|
| 240 | 1 | 0 |
_aMarx _lEspañol |
| 245 | 1 | 0 |
_aMarx / _cWerner Blumenberg ; prólogo Santos Julia Díaz ; traducción del alemán a cargo de Rosa Pilar Blanco. |
| 260 |
_aBarcelona : _bSalvat, _c1984. |
||
| 300 |
_a205 p. : _bil., retrs. ; _c20 cm. |
||
| 490 | 1 |
_aBiblioteca Salvat de grandes biografías; _v7 |
|
| 504 | _aBibliografía : p. 205 | ||
| 500 | _aTraducción de: Marx. | ||
| 600 | 1 | 0 |
_aMarx, Karl, _d1818-1883 _930439 |
| 650 | 4 |
_aComunistas _xAlemaña _xBiografías _968976 |
|
| 700 | 1 | 2 |
_aPilar Blanco, Rosa _etr. _950113 |
| 700 | 1 | 2 |
_aDíaz, Santos Julia _epról. _968977 |
| 830 | 0 |
_aBiblioteca Salvat de grandes biografías _n7 _968978 |
|
| 910 | _aValidado. Control de calidad MFF | ||
| 999 |
_c41513 _d41513 |
||